La Orden Benedictina (Record no. 188052)

MARC details
000 -LEADER
campo de control de longitud fija 00740nam a2200169 i 4500
001 - NÚMERO DE CONTROL
campo de control 188052
003 - IDENTIFICADOR DE NÚMERO DE CONTROL
campo de control SpMaBN
005 - FECHA Y HORA DE LA ÚLTIMA TRANSACCIÓN
campo de control 20230906223109.0
008 - DATOS DE LONGITUD FIJA--INFORMACIÓN GENERAL
campo de control de longitud fija 180420s1927 sp bf |||| | spa d
100 1# - ENTRADA PRINCIPAL--NOMBRE DE PERSONA
Nombre de persona Ramón y Arrufat, Antonio.
9 (RLIN) 95225
245 13 - MENCIÓN DEL TÍTULO
Título La Orden Benedictina
Resto del título : (resumen histórico) /
Mención de responsabilidad, etc. Dom Antonio Ramón Arrufat ; traducido del catalán por Dom Gerardo M.ª Salvany.
260 ## - PUBLICACIÓN, DISTRIBUCIÓN, ETC.
Lugar de publicación, distribución, etc. Montserrat :
Nombre del editor, distribuidor, etc. [Monasterio de Ntra. Sra. de Montserrat],
Fecha de publicación, distribución, etc. 1927.
300 ## - DESCRIPCIÓN FÍSICA
Extensión 346 p., [27] h. de lám., [1] h. pleg. de mapa ;
Dimensiones 19 cm.
610 24 - PUNTO DE ACCESO ADICIONAL DE MATERIA--NOMBRE DE ENTIDAD CORPORATIVA
Nombre de entidad corporativa o nombre de jurisdicción como elemento de entrada Benedictinos-
Subdivisión de forma Historia.
9 (RLIN) 162036
710 2# - ENTRADA AGREGADA--NOMBRE DE ENTIDAD CORPORATIVA
Nombre de entidad corporativa o nombre de jurisdicción como elemento de entrada Abadía de Montserrat.
9 (RLIN) 1133
852 ## - LOCALIZACIÓN
Ubicación ES-MaACL
Número de control de estantería L-31932
Nota libre - Enc. cart.
-- . - Donat. herederos de la bibl. de Mª del Pilar Costa Palacín
Holdings
Estatus retirado Estado de pérdida Estado de daño No para préstamo Biblioteca de origen Biblioteca actual Ubicación en estantería Fecha de adquisición Fuente de adquisición Total de préstamos Signatura topográfica completa Código de barras Visto por última vez Precio de reemplazo Tipo de ítem Koha
        Biblioteca del Ateneo de Madrid Biblioteca del Ateneo de Madrid Depósito 2 20/04/2018     L-31932 1198741 23/02/2023 23/02/2023 Libro impreso